000 00465cam a2200193ua 4500
001 4341
005 20260515113822.0
008 111223n ii |||gr||||Z||||||asm
040 _cMAIN
082 _a891.4513
100 1 _aSaikia, Nagen,
245 1 1 _aBandha kothat dhumuha
_cby Nagen Saikia
250 _a1st.
260 _aDibrugarh:
_bBanalata.
300 _a87p:
_c23cm.
653 _aAssamese short stories
653 _aBandha kothat dhumuha
942 _cBK
999 _c4153
_d4153